00265nam a2200097Ia 4500008004100000041000800041100002900049245003700078260003300115999001900148241105s9999 xx 000 0 und d aeng aDhakkan Priyanka9182690 aKindergarten And Day Care Centre bFourth Year CAID, Punec2014 c360981d360981